Normal view
MARC view
Entry Topical Term
001 - CONTROL NUMBER
- control field: 9974
003 - CONTROL NUMBER IDENTIFIER
- control field: ARRUPE
005 - DATE AND TIME OF LATEST TRANSACTION
- control field: 20140423180147.0
008 - FIXED-LENGTH DATA ELEMENTS
- fixed length control field: 140423|| aca||aabn | a|a d
040 ## - CATALOGING SOURCE
- Original cataloging agency: ARRUPE
- Transcribing agency: ARRUPE
150 ## - HEADING--TOPICAL TERM
- Topical term or geographic name as entry element: Christian education
- Form subdivision: Textbooks for young adults
- General subdivision: Catholic.
670 ## - SOURCE DATA FOUND
- Source citation: Work cat.: (ARRUPE)0: Cory, Catherine A. 9971, The Christian theological tradition /, c2003.